| 000 | 00434nam a2200145 a 4500 | ||
|---|---|---|---|
| 001 | 000029348 | ||
| 005 | 20200930055507.0 | ||
| 008 | 110415s2006 dr ac 000 0 spa d | ||
| 040 |
_aDO-SdBNP _bspa _cBNPHU |
||
| 110 | 1 |
_aGrupo Financiero Popular _910533 |
|
| 245 | 1 | 0 | _aReconocimiento a nuestra gente 2006. |
| 260 |
_aSanto Domingo : _bGrupo Financiero Popular, _c[2006?]. |
||
| 300 |
_a79 p. : _bil., retrs. ; _c28 cm. |
||
| 049 | _aBNPD | ||
| 999 |
_c28840 _d28840 |
||